Hauptstädte aller Staaten Ozeaniens - Statistiken

Allgemein
  • Dieses Quiz wurde 385 mal gespielt
  • Das Durchschnittsergebnis liegt bei 8 aus 14
Antwortstatistiken
Hint Antwort % Korrekt
Australien Canberra
99%
Fidschi Suva
80%
Neuseeland Wellington
76%
Papua-Neuguinea Port Moresby
71%
Nauru Yaren
58%
Samoa Apia
57%
Vanuatu Port Vila
57%
Föderierte Staaten von Mikronesien Paliki
55%
Kiribati South Tarawa
55%
Tuvalu Funafuti
53%
Salomonen Honiara
51%
Marshallinseln Majuro
51%
Tonga Nuku'alofa
51%
Palau Ngurelmud
9%
Keine übereinstimmenden Quizze gefunden
Verteilung der Resultate
Anzahl Personen mit jedem Resultat
Perzentil nach korrekt beantworteten Fragen
Ihre Resultats-Entwicklung
Sie haben dieses Quiz noch nicht gespielt